Portal electrónico de localización (personas buscadas y objetos perdidos)
La monografía desarrollada contempla el diseño y creación de un sitio Web: Portal electrónico de localización (personas buscadas y objetos perdidos) así como la formulación de un proyecto de inversión social que consiste en la construcción y organización de un Centro Nacional de objetos pe...
| Main Author: | |
|---|---|
| Other Authors: | |
| Format: | Tesis Section = Libro |
| Language: | Undetermined Spanish |
| Published: |
Managua
UNI
2003
|
| Subjects: |
| LEADER | 01018nam a2200229Ia 4500 | ||
|---|---|---|---|
| 008 | 240830s9999 xx 000 0 und d | ||
| 040 | |a BIBLIOTECA-RUPAP Mon 025.04 T828 | ||
| 041 | |a spa | ||
| 082 | |a Mon 025.04 T828 | ||
| 100 | 1 | |a Trigueros Chavarría, Luis Lenin | |
| 245 | 1 | 0 | |a Portal electrónico de localización (personas buscadas y objetos perdidos) |
| 260 | |a Managua |b UNI |c 2003 | ||
| 300 | |a 126 p. :il. | ||
| 500 | |a Contiene: anexos. | ||
| 502 | |a Tesis (Ingeniero de Sistemas)- UNI, 2003. | ||
| 520 | 3 | |a La monografía desarrollada contempla el diseño y creación de un sitio Web: Portal electrónico de localización (personas buscadas y objetos perdidos) así como la formulación de un proyecto de inversión social que consiste en la construcción y organización de un Centro Nacional de objetos perdidos. | |
| 650 | 7 | |a INFORMACIÓN-SISTEMAS | |
| 650 | 7 | |b ALMACENAMIENTO Y RECUPERACIÓN | |
| 700 | 1 | |a Tutor: |b Blanco Calderón,Miguel | |
| 942 | |c BK |2 ddc | ||
| 991 | |a TESIS | ||
| 999 | |c 15392 | ||